000 005060000a22001930004500
001 001958
003 MACL
005 20151017110924.0
008 151017b xxu||||| |||| 00| 0 eng d
040 _aMACL
_cMACL
041 _aEnglish
082 _a920/VRE
100 _aVrekhem, Georges
_915510
245 _aThe Mother Teresa Suite
_bThe Story of Her Life
_cGeorges Vrekhem
260 _aNoida
_c2000
_bHarper Collins Publishers,
350 _a495
650 _aBiography
_915511
942 _k920
_cBK
_2ddc
999 _c13874
_d13874